000
00233nam a2200121Ia 4500
100
_a
#N/A
650
_a
Computers
942
_c
BK
654
_a
professional dvd
245
_a
Professional DVD
260
_b
#N/A
546
_a
ENGLISH
999
_c
28024
_d
28024